[Event "Titled Tuesday intern op 06th May Early"]
[Site "Chess.com INT"]
[Date "2025.05.06"]
[Round "3"]
[White "Gomez, Carlos David"]
[Black "Dumanuly, Sultanbeibarys"]
[Result "1-0"]
[WhiteElo "2354"]
[BlackElo "2117"]
[PlyCount "69"]
[EventDate "2025.05.06"]
[EventType "swiss (blitz)"]
[EventRounds "11"]
[EventCountry "USA"]
[SourceTitle "CB20_2025"]
[SourceDate "2025.05.14"]
[SourceVersion "1"]
[SourceVersionDate "2025.05.14"]
[SourceQuality "1"]

1. e4 c5 2. Nc3 d6 3. Nf3 Nc6 4. Bb5 Bd7 5. 0-0 Nf6 6. Re1 e5 7. d3 Be7 8. Bg5 0-0 9. Bxf6 Bxf6 10. Nd5 g6 11. c3 Bg7 12. a3 f5 13. h3 Kh8 14. b4 b6 15. bxc5 bxc5 16. Rb1 f4 17. Qa4 Rc8 18. Bxc6 Bxc6 19. Qxa7 Ra8 20. Qb6 Qd7 21. Qc7 Qxc7 22. Nxc7 Rxa3 23. Rb6 Ba4 24. Ne6 Re8 25. Rxd6 Rxc3 26. Ra1 Bb3 27. Nfg5 Bf8 28. Nxf8 Rxf8 29. Ra7 Bg8 30. Rdd7 h6 31. Nh7 Rb8 32. Nf6 Rc1+ 33. Kh2 Rbb1 34. Rh7+ Bxh7 35. Rxh7# 1-0

[Event "Titled Tuesday intern op 06th May Early"]
[Site "Chess.com INT"]
[Date "2025.05.06"]
[Round "6"]
[White "Gomez, Carlos David"]
[Black "Lau, Lut Yin Luke"]
[Result "1/2-1/2"]
[WhiteElo "2354"]
[BlackElo "2243"]
[PlyCount "104"]
[EventDate "2025.05.06"]
[EventType "swiss (blitz)"]
[EventRounds "11"]
[EventCountry "USA"]
[SourceTitle "CB20_2025"]
[SourceDate "2025.05.14"]
[SourceVersion "1"]
[SourceVersionDate "2025.05.14"]
[SourceQuality "1"]

1. e4 d6 2. d4 Nf6 3. Nd2 Nc6 4. Ngf3 e5 5. Bb5 exd4 6. Nxd4 Bd7 7. Nxc6 bxc6 8. Bd3 g6 9. b3 Bg7 10. Bb2 0-0 11. Qc1 Re8 12. 0-0 c5 13. Re1 Bc6 14. e5 Ng4 15. Nc4 Qh4 16. Qf4 g5 17. Qg3 Qxg3 18. hxg3 Nxe5 19. Nxe5 Bxe5 20. Bxe5 Rxe5 21. Rxe5 dxe5 22. Re1 f6 23. Be4 Bxe4 24. Rxe4 Rd8 25. Rc4 Rd5 26. g4 Kf7 27. Kf1 Ke6 28. Ke2 Kd6 29. Ra4 Rd4 30. Ra6+ c6 31. f3 c4 32. Rxa7 c3 33. Rxh7 Rd2+ 34. Ke3 Rxc2 35. Kd3 Rxa2 36. Kxc3 Rxg2 37. Rf7 Ke6 38. Rc7 Kd6 39. Rf7 Ke6 40. Rc7 Rf2 41. Rxc6+ Ke7 42. b4 Rxf3+ 43. Kc4 Kd7 44. Ra6 e4 45. b5 e3 46. Kd3 Kc7 47. Ke2 Rf4 48. Kxe3 Rxg4 49. Rxf6 Rb4 50. Rf5 Kb6 51. Rxg5 Rxb5 52. Rxb5+ Kxb5 1/2-1/2

[Event "Titled Tuesday intern op 06th May Early"]
[Site "Chess.com INT"]
[Date "2025.05.06"]
[Round "9"]
[White "Gomez, Carlos David"]
[Black "Turcsanyi, Vince Gergo"]
[Result "1-0"]
[WhiteElo "2354"]
[BlackElo "2321"]
[PlyCount "65"]
[EventDate "2025.05.06"]
[EventType "swiss (blitz)"]
[EventRounds "11"]
[EventCountry "USA"]
[SourceTitle "CB20_2025"]
[SourceDate "2025.05.14"]
[SourceVersion "1"]
[SourceVersionDate "2025.05.14"]
[SourceQuality "1"]

1. e4 e5 2. Nf3 Nc6 3. Bc4 Nf6 4. d3 h6 5. 0-0 d6 6. Re1 Bg4 7. c3 g5 8. b4 Bg7 9. Nbd2 Qd7 10. Nf1 0-0 11. Ne3 Be6 12. Bb5 a6 13. Ba4 b5 14. Bb3 Ne7 15. Bb2 c6 16. Qc2 Ng6 17. c4 g4 18. Nd2 Nh7 19. Ndf1 h5 20. Ng3 Ne7 21. Nxh5 Bh6 22. d4 f6 23. c5 Bxe3 24. Rxe3 Ng6 25. cxd6 Qxd6 26. Rd1 Rad8 27. Ree1 Qe7 28. Ng3 Kh8 29. dxe5 Bxb3 30. exf6 Qf7 31. Qxb3 Nf4 32. Qxf7 Rxd1 33. Qg7# 1-0

[Event "Mar del Plata op 54th"]
[Site "Mar del Plata"]
[Date "2025.04.15"]
[Round "5"]
[White "Herrera, Martin"]
[Black "Gomez, Carlos David"]
[Result "0-1"]
[WhiteElo "2144"]
[BlackElo "2350"]
[PlyCount "68"]
[EventDate "2025.04.12"]
[EventType "swiss"]
[EventRounds "9"]
[EventCountry "ARG"]
[SourceTitle "CB17_2025"]
[SourceDate "2025.04.23"]
[SourceVersion "1"]
[SourceVersionDate "2025.04.23"]
[SourceQuality "1"]

1. Nf3 Nf6 2. d4 d5 3. c4 e6 4. g3 Be7 5. Bg2 0-0 6. 0-0 dxc4 7. Qc2 b6 8. Nbd2 Bb7 9. Nxc4 Be4 10. Qa4 Qc8 11. Bg5 h6 12. Bxf6 Bxf6 13. Rac1 Qa6 14. Qxa6 Nxa6 15. Nce5 Rfd8 16. Rfd1 c5 17. dxc5 Nxc5 18. Nc4 Na4 19. Rd2 Rac8 20. Rxd8+ Rxd8 21. Nce5 Bxf3 22. Nxf3 Bxb2 23. Rc7 a5 24. Rb7 g6 25. e3 Rd6 26. Bf1 Nc5 27. Rb8+ Kg7 28. h4 Bf6 29. Kg2 Ne4 30. Bc4 Rc6 31. Bb5 Rc2 32. Bd3 Rxf2+ 33. Kg1 Rxf3 34. Bxe4 Rxe3 0-1

[Event "Mar del Plata op 54th"]
[Site "Mar del Plata"]
[Date "2025.04.14"]
[Round "4"]
[White "Gomez, Carlos David"]
[Black "Saralegui, Adolfo Enrique"]
[Result "1-0"]
[WhiteElo "2350"]
[BlackElo "2036"]
[PlyCount "43"]
[EventDate "2025.04.12"]
[EventType "swiss"]
[EventRounds "9"]
[EventCountry "ARG"]
[SourceTitle "CB17_2025"]
[SourceDate "2025.04.23"]
[SourceVersion "1"]
[SourceVersionDate "2025.04.23"]
[SourceQuality "1"]

1. e4 e5 2. Nf3 Nf6 3. Nxe5 d6 4. Nf3 Nxe4 5. d4 d5 6. Bd3 Nc6 7. 0-0 Be7 8. c4 Nb4 9. cxd5 Nxd3 10. Qxd3 Qxd5 11. Re1 Bf5 12. g4 Bg6 13. Nc3 Nxc3 14. Qxc3 Kf8 15. Bf4 Bd6 16. Bxd6+ Qxd6 17. Rac1 c6 18. d5 h5 19. dxc6 bxc6 20. Ne5 hxg4 21. Rcd1 Qc7 22. Rd7 1-0

[Event "Mar del Plata op 54th"]
[Site "Mar del Plata"]
[Date "2025.04.13"]
[Round "3"]
[White "Ruiz, Juan Ignacio"]
[Black "Gomez, Carlos David"]
[Result "1/2-1/2"]
[WhiteElo "2015"]
[BlackElo "2350"]
[PlyCount "114"]
[EventDate "2025.04.12"]
[EventType "swiss"]
[EventRounds "9"]
[EventCountry "ARG"]
[SourceTitle "CB17_2025"]
[SourceDate "2025.04.23"]
[SourceVersion "1"]
[SourceVersionDate "2025.04.23"]
[SourceQuality "1"]

1. d4 Nf6 2. Bf4 c5 3. e3 cxd4 4. exd4 g6 5. c3 Bg7 6. Nf3 d6 7. Nbd2 0-0 8. Bc4 Nc6 9. 0-0 Nh5 10. Bg5 Nf6 11. Bf4 Nh5 12. Bg5 d5 13. Bd3 Qd6 14. Re1 Bg4 15. h3 Bd7 16. Nf1 Rae8 17. Qd2 f6 18. Bh6 e5 19. Bxg7 Kxg7 20. dxe5 fxe5 21. Rad1 Bxh3 22. Be4 Bxg2 23. Kxg2 Nf4+ 24. Kh1 Qe6 25. Bxd5 Nxd5 26. Qxd5 Qxd5 27. Rxd5 Rxf3 28. Kg2 Ref8 29. Re2 R3f4 30. Ng3 h5 31. b4 a6 32. a4 Rg4 33. Kh2 Rc4 34. b5 Nd8 35. Rd7+ Kh6 36. Kg2 Rxa4 37. bxa6 Rxa6 38. Rxe5 Raf6 39. Ne4 R6f7 40. Rd6 Rc7 41. Red5 Nf7 42. Re6 Ra8 43. Rb5 Ra4 44. f3 Ra6 45. Reb6 Rxb6 46. Rxb6 Ne5 47. Rb5 Nd3 48. Kg3 Rd7 49. Rb6 Kg7 50. Ng5 Nc5 51. Rb5 Na6 52. Rb6 Kh6 53. Ne6 Re7 54. Nf4 Rg7 55. Ne6 Rf7 56. Nf4 Kh7 57. Ne6 Kh6 1/2-1/2

[Event "Mar del Plata op 54th"]
[Site "Mar del Plata"]
[Date "2025.04.12"]
[Round "1"]
[White "Mayeregger Gonzalez, Fiorella Allegra"]
[Black "Gomez, Carlos David"]
[Result "0-1"]
[WhiteElo "1807"]
[BlackElo "2350"]
[PlyCount "80"]
[EventDate "2025.04.12"]
[EventType "swiss"]
[EventRounds "9"]
[EventCountry "ARG"]
[SourceTitle "CB17_2025"]
[SourceDate "2025.04.23"]
[SourceVersion "1"]
[SourceVersionDate "2025.04.23"]
[SourceQuality "1"]

1. e4 c5 2. Nf3 Nc6 3. d4 cxd4 4. Nxd4 g6 5. Nc3 Bg7 6. Be3 Nf6 7. Be2 0-0 8. Qd2 d5 9. exd5 Nxd5 10. Nxd5 Qxd5 11. Bf3 Qe5 12. Nxc6 bxc6 13. c3 Ba6 14. Be2 Rfd8 15. Qc2 Bxe2 16. Qxe2 a5 17. a4 Rab8 18. 0-0 Bh6 19. Qf3 Bxe3 20. fxe3 Qe6 21. Rf2 Rd3 22. Qf4 Rbd8 23. Re1 f6 24. Rfe2 Qd5 25. Qc7 Qc5 26. Kf1 Kf7 27. Qf4 R8d5 28. Kg1 Re5 29. Qf2 Re4 30. Qf3 Qf5 31. Qxf5 gxf5 32. Rf2 Ke6 33. Rf3 Rxa4 34. Rh3 Rd2 35. Rxh7 Rxb2 36. h4 Rg4 37. Ra1 a4 38. h5 Rgxg2+ 39. Kh1 Rgc2 40. h6 a3 0-1

[Event "Titled Tuesday intern op 14th Jan Early"]
[Site "Chess.com INT"]
[Date "2025.01.14"]
[Round "10"]
[White "Maltsevskaya, Aleksandra"]
[Black "Gomez, Carlos David"]
[Result "1-0"]
[WhiteElo "2368"]
[BlackElo "2312"]
[PlyCount "67"]
[EventDate "2025.01.14"]
[EventType "swiss (blitz)"]
[EventRounds "11"]
[EventCountry "USA"]
[SourceTitle "CB04_2025"]
[SourceDate "2025.01.22"]
[SourceVersion "1"]
[SourceVersionDate "2025.01.22"]
[SourceQuality "1"]

1. Nf3 g6 2. g3 Bg7 3. Bg2 f5 4. 0-0 Nf6 5. d3 Nc6 6. Nbd2 0-0 7. e4 e5 8. exf5 gxf5 9. Nh4 d5 10. f4 e4 11. dxe4 fxe4 12. c3 Qe7 13. Nb3 Bg4 14. Qc2 a5 15. Be3 a4 16. Nd4 Nxd4 17. Bxd4 c5 18. Be5 a3 19. bxa3 Rad8 20. c4 e3 21. cxd5 Nxd5 22. Bxd5+ Rxd5 23. Qb3 c4 24. Qxe3 Rxe5 25. fxe5 Rxf1+ 26. Rxf1 Bxe5 27. Qe4 Bd7 28. Qxc4+ Kh8 29. Nf3 Bb8 30. Qd4+ Kg8 31. Re1 Qf7 32. Ne5 Qe6 33. Qxd7 Ba7+ 34. Kg2 1-0

[Event "Titled Tuesday intern op 14th Jan Early"]
[Site "Chess.com INT"]
[Date "2025.01.14"]
[Round "7"]
[White "Martin Fuentes, Alberto"]
[Black "Gomez, Carlos David"]
[Result "0-1"]
[WhiteElo "2375"]
[BlackElo "2312"]
[PlyCount "90"]
[EventDate "2025.01.14"]
[EventType "swiss (blitz)"]
[EventRounds "11"]
[EventCountry "USA"]
[SourceTitle "CB04_2025"]
[SourceDate "2025.01.22"]
[SourceVersion "1"]
[SourceVersionDate "2025.01.22"]
[SourceQuality "1"]

1. e4 c5 2. Nc3 Nc6 3. g3 g6 4. d3 Bg7 5. Bg2 d6 6. Be3 e6 7. Qd2 Nd4 8. Nd1 h5 9. h3 Ne7 10. c3 Ndc6 11. Ne2 b6 12. 0-0 Bb7 13. d4 cxd4 14. Nxd4 d5 15. exd5 Nxd5 16. Nxc6 Bxc6 17. Bg5 Qd7 18. c4 Ne7 19. Qxd7+ Kxd7 20. Rb1 Bxg2 21. Kxg2 Rac8 22. b3 Nf5 23. Ne3 Nxe3+ 24. Bxe3 e5 25. Rfd1+ Ke6 26. Rd5 Rhd8 27. Rbd1 Rxd5 28. Rxd5 f5 29. Kf3 e4+ 30. Ke2 Be5 31. h4 Bf6 32. Bf4 Rd8 33. Rxd8 Bxd8 34. Bb8 a6 35. a4 Kd7 36. Ke3 Kc6 37. Be5 Be7 38. Kf4 b5 39. cxb5+ axb5 40. Bd4 Kd5 41. Be3 bxa4 42. bxa4 Bf6 43. a5 Ke6 44. a6 g5+ 45. hxg5 Be5# 0-1

[Event "Santa Fe Litoral op"]
[Site "Santa Fe"]
[Date "2024.10.11"]
[Round "6"]
[White "Gomez, Carlos David"]
[Black "Hilgert, Gonzalo"]
[Result "1-0"]
[WhiteElo "2329"]
[BlackElo "1984"]
[PlyCount "65"]
[EventDate "2024.10.11"]
[EventType "swiss"]
[EventRounds "6"]
[EventCountry "ARG"]
[SourceTitle "CB43_2024"]
[Source "Chessbase"]
[SourceDate "2024.10.23"]
[SourceVersion "1"]
[SourceVersionDate "2024.10.23"]
[SourceQuality "1"]

1. e4 e5 2. Nf3 Nf6 3. Nxe5 d6 4. Nf3 Nxe4 5. d4 d5 6. Bd3 Nc6 7. 0-0 Be7 8. c4 Nb4 9. Be2 0-0 10. Nc3 Nf6 11. Ne5 dxc4 12. Bxc4 c6 13. Bg5 Nfd5 14. Bxe7 Qxe7 15. Nxd5 Nxd5 16. Bxd5 cxd5 17. Qd2 Bf5 18. Rfe1 Qd6 19. Qf4 Bg6 20. h4 Qb4 21. b3 Rac8 22. Re3 Rc2 23. Rae1 Rcc8 24. h5 Bc2 25. Nd7 h6 26. Nxf8 Rxf8 27. Re8 Be4 28. Rxf8+ Qxf8 29. Rc1 b5 30. Rc7 a6 31. f3 Bd3 32. Rb7 Kh7 33. Qxf7 1-0

[Event "Santa Fe Litoral op"]
[Site "Santa Fe"]
[Date "2024.10.11"]
[Round "4"]
[White "Gomez, Carlos David"]
[Black "Zapata Charles, Santiago"]
[Result "1/2-1/2"]
[WhiteElo "2329"]
[BlackElo "2268"]
[PlyCount "101"]
[EventDate "2024.10.11"]
[EventType "swiss"]
[EventRounds "6"]
[EventCountry "ARG"]
[SourceTitle "CB43_2024"]
[Source "Chessbase"]
[SourceDate "2024.10.23"]
[SourceVersion "1"]
[SourceVersionDate "2024.10.23"]
[SourceQuality "1"]

1. Nf3 d5 2. c4 dxc4 3. e3 Nf6 4. Bxc4 e6 5. 0-0 a6 6. d4 c5 7. dxc5 Qxd1 8. Rxd1 Bxc5 9. Nfd2 0-0 10. Nb3 Be7 11. Be2 Nc6 12. f3 e5 13. e4 Be6 14. Be3 Nb4 15. Na3 Rac8 16. Nc1 b5 17. Nd3 Nxd3 18. Bxd3 Rfd8 19. Be2 Nd7 20. Nb1 Nb6 21. Nc3 Nc4 22. Bxc4 Bxc4 23. Rxd8+ Rxd8 24. Rc1 h6 25. Kf2 b4 26. b3 Bxb3 27. axb3 bxc3 28. Rxc3 Rb8 29. Ke2 Bb4 30. Rc6 a5 31. Bb6 Ra8 32. Rc4 a4 33. bxa4 Rxa4 34. Rc8+ Kh7 35. Rc2 h5 36. Bc7 f6 37. Bb6 Ra6 38. Be3 Kg6 39. h3 Ra1 40. Bc1 Ba5 41. Be3 Rb1 42. Bf2 Bb6 43. Be1 Ra1 44. g4 Ra3 45. Bd2 Bd4 46. Rc7 Ra7 47. Rxa7 Bxa7 48. Kd3 hxg4 49. fxg4 Bf2 50. Ke2 Bh4 51. Kf3 1/2-1/2

[Event "ARG-chT"]
[Site "Villa Martelli"]
[Date "2024.08.31"]
[Round "1.1"]
[White "Cimer, Emanuel"]
[Black "Gomez, Carlos David"]
[Result "1-0"]
[WhiteElo "2202"]
[BlackElo "2329"]
[PlyCount "95"]
[EventDate "2024.08.31"]
[EventType "team-swiss"]
[EventRounds "8"]
[EventCountry "ARG"]
[SourceTitle "EXT 2025"]
[Source "ChessBase"]
[SourceDate "2024.10.14"]
[SourceVersion "1"]
[SourceVersionDate "2024.10.14"]
[SourceQuality "1"]
[WhiteTeam "Ajedrez del Sur"]
[BlackTeam "Ushuaia Jaque Mate"]
[WhiteTeamCountry "ARG"]
[BlackTeamCountry "ARG"]

1. e4 c5 2. Nf3 Nc6 3. Bb5 Nf6 4. Bxc6 dxc6 5. d3 Nd7 6. 0-0 e5 7. a3 a5 8. Be3 Bd6 9. Nbd2 Qe7 10. Re1 a4 11. Nf1 0-0 12. Ng3 g6 13. Bh6 Re8 14. h3 Nf8 15. c3 Ne6 16. Qd2 f6 17. Rad1 Bc7 18. Ne2 Nd8 19. Be3 Be6 20. d4 Bb3 21. Ra1 cxd4 22. cxd4 Nf7 23. dxe5 fxe5 24. Nc3 Rad8 25. Qe2 b5 26. Nh2 Ng5 27. Ng4 h5 28. Nh2 Ne6 29. Qf3 Qh4 30. g3 Qe7 31. g4 h4 32. g5 Nd4 33. Qg4 Qh7 34. Qg2 Rf8 35. Rac1 Qe7 36. Qg4 Be6 37. Qxh4 Nf3+ 38. Nxf3 Rxf3 39. Qh6 Qf7 40. h4 Bg4 41. Red1 Rf8 42. Bc5 Rh3 43. f4 exf4 44. Rd2 f3 45. Rf2 Re8 46. Rd1 Bh5 47. Bd4 Qd7 48. Qh8+ 1-0

[Event "Titled Tuesday intern op 12th Mar Early"]
[Site "Chess.com INT"]
[Date "2024.03.12"]
[Round "3"]
[White "Gomez, Carlos David"]
[Black "Gao, Raymond"]
[Result "1-0"]
[WhiteElo "2345"]
[BlackElo "2001"]
[PlyCount "47"]
[EventDate "2024.03.12"]
[EventType "swiss (blitz)"]
[EventRounds "11"]
[EventCountry "USA"]
[SourceTitle "CBM 219 Extra"]
[Source "ChessBase"]
[SourceDate "2024.05.31"]
[SourceVersion "1"]
[SourceVersionDate "2024.05.31"]
[SourceQuality "1"]

1. e4 c5 2. Nf3 Nc6 3. d4 cxd4 4. Nxd4 g6 5. Nc3 Bg7 6. Be3 Nf6 7. Nxc6 bxc6 8. e5 Ng8 9. Bd4 Nh6 10. e6 f6 11. exd7+ Bxd7 12. Bc4 Nf7 13. 0-0 0-0 14. Bc5 Kh8 15. Re1 Ne5 16. Bb3 Qe8 17. f4 Bg4 18. Qc1 Bh6 19. Qe3 Qc8 20. Bxe7 Rf7 21. Bxf7 Nxf7 22. Bxf6+ Bg7 23. Bxg7+ Kxg7 24. Qd4+ 1-0

[Event "Titled Tuesday intern op 05th Mar Early"]
[Site "Chess.com INT"]
[Date "2024.03.05"]
[Round "6"]
[White "Gomez, Carlos David"]
[Black "Hernandez Amura, Gilberto"]
[Result "0-1"]
[WhiteElo "2345"]
[BlackElo "2198"]
[PlyCount "68"]
[EventDate "2024.03.05"]
[EventType "swiss (blitz)"]
[EventRounds "11"]
[EventCountry "USA"]
[SourceTitle "EXT 2025"]
[Source "ChessBase"]
[SourceDate "2024.10.14"]
[SourceVersion "1"]
[SourceVersionDate "2024.10.14"]
[SourceQuality "1"]

1. e4 d5 2. d4 dxe4 3. Nc3 Nf6 4. Bg5 Nbd7 5. Qe2 h6 6. Bh4 g5 7. Bg3 Bg7 8. h4 g4 9. 0-0-0 c6 10. f3 exf3 11. gxf3 Nb6 12. fxg4 Bxg4 13. Nf3 Nbd5 14. Ne4 Nxe4 15. Qxe4 Nf6 16. Qe3 Qd5 17. Re1 0-0 18. Be2 Qxa2 19. Rhg1 Qa1+ 20. Kd2 Qxb2 21. Be5 Qb4+ 22. Kc1 h5 23. Nh2 Nd5 24. Qd3 f5 25. Nxg4 fxg4 26. Bxg4 hxg4 27. Bxg7 Rf3 28. Qg6 Qa3+ 29. Kd1 Qa1+ 30. Ke2 Re3+ 31. Kf2 Rf3+ 32. Ke2 Nf4+ 33. Kd2 Qa5+ 34. Kc1 Nxg6 0-1